Slnečné žiarenie a budovy /

Gespeichert in:
Bibliographische Detailangaben
Hauptverfasser: Hykš, Pavel, 1932- (Verfasst von), Hraška, Jozef, 1953- (Verfasst von)
Format: Buch
Sprache:Slowakisch
Veröffentlicht: Bratislava : Alfa, 1990
Tags: Tag hinzufügen
Keine Tags, Fügen Sie das erste Tag hinzu!

MARC

LEADER 00000nam a22000003a 4500
001 stu26350
005 20231024145228.1
008 910514s1990----cs------------------slo-d
020 |a 80-05-00636-5 
040 |a STU  |b slo 
041 0 |a slo 
044 |a cs 
080 |a 523.9-6 
080 |a 620.92 
080 |a 624.041 
100 1 |a Hykš, Pavel,  |d 1932-  |4 aut  |u V180  |U SvF Stavebná fakulta  |T SvF Katedra konštrukcií pozemných stavieb  |X 1621  |U V180  |Y 18  |7 A000001621 
245 1 |a Slnečné žiarenie a budovy /  |c [aut]Hykš,Pavel;Hraška,Jozef 
260 |a Bratislava :  |b Alfa,  |c 1990 
300 |a 143 s 
700 1 |a Hraška, Jozef,  |d 1953-  |4 aut  |u V180  |U SvF Stavebná fakulta  |T SvF Katedra konštrukcií pozemných stavieb  |X 899  |U V180  |Y 18  |7 A000000899 
996 |c V*39878/O-16887  |l VV8  |s P  |a 0  |w stu26350_0001 
996 |c V*39880/O-16889  |l VV8  |s P  |a 0  |w stu26350_0002